Power plant engineering / (رقم التسجيلة. 75176)

تفاصيل مارك
000 -الفاتح
حقل البيانات ثابتة الطول 00590cam a22002171 4500
003 - محدد رقم الضبط
رقم الضبط OSt
005 - وقت وتاريخ اخر تعامل مع التسجيلة
رقم الضبط 20180923144745.0
008 - عناصر البيانات ثابتة الطول - معلومات عامة
حقل البيانات ثابتة الطول 770826s2014 xx 000 0 eng
020 ## - الرقم الدولى المعيارى للكتب
الرقم الدولى المعيارى للكتاب 9789339204044
040 ## - مصدر الفهرسة
وكالة الفهرسة الأصلية DLC
وكالة النسخ OC
وكالة التعديل DLC
لغة الفهرسة eng
042 ## - رمز التحقق
رمز التحقق premarc
050 00 - رقم طلب مكتبة الكونجرس
رقم التصنيف TJ164
رقم المادة .P6 1939
082 ## - رقم تصنيف ديوى العشرى
رقم التصنيف 621.19
رقم الطبعة 21
رقم المادة NPP
100 ## - المدخل الرئيسى - إسم شخصى
الإسم الشخصى Nag, P. K.
9 (RLIN) 65110
245 00 - بيان العنوان
العنوان Power plant engineering /
بيان المسئوليه,etc P K Nag
260 ## - PUBLICATION, DISTRIBUTION, ETC. (IMPRINT)
مكان الناشر او الموزع Chicago, Ill.
تاريخ النشر أو التوزيع 2014
300 ## - الوصف المادى
التعداد 956 p.
تفاصيل ماديه اخرى للوعاء illus., diagrs.
أبعاد الوعاء 20 cm.
650 #0 - المدخل الاضافى بالموضوع-مصطلح موضوعى
مصطلح موضوعي أو اسم جغرافي كعنصر مدخل Power-plants.
9 (RLIN) 65111
942 ## - عناصر المدخل الإضافي( كوها)
Koha [default] item type كتاب
906 ## - عنصر بيانات محلى F, LDF (RLIN)
a 7
b cbc
c oclcrpl
d u
e ncip
f 19
g y-gencatlg
المقتنيات
حالة الفقد نموذج السعر الفعال حالة تلف ليس للاعارة رقم الطلب تاريخ الاكتساب الموقع الحالي الباركود الفرع الرئيسي Total Renewals Date last checked out Date last seen نوع المادة فى نظام كوها مصدر التصنيف او خطة الترفيف Total Checkouts
  2018-09-22     621.19 NPP 2018-09-22 المكتبة المركزية بالمجمعة (CL) 00751492 المكتبة المركزية بالمجمعة (CL) 1 2019-03-17 2021-08-24 كتاب Dewey Decimal Classification 1
  2018-09-22     621.19 NPP 2018-09-22 المكتبة المركزية بالمجمعة (CL) 00751493 المكتبة المركزية بالمجمعة (CL)     2018-09-22 كتاب Dewey Decimal Classification  
  2018-09-22     621.19 NPP 2018-09-22 المكتبة المركزية بالمجمعة (CL) 00751494 المكتبة المركزية بالمجمعة (CL)   2020-08-31 2020-11-05 كتاب Dewey Decimal Classification 1